Consumer behaviour and analytics (Record no. 1309990)

MARC details
000 -LEADER
fixed length control field 01157nam a2200241 4500
005 - DATE AND TIME OF LATEST TRANSACTION
control field 20250505093610.0
008 - FIXED-LENGTH DATA ELEMENTS--GENERAL INFORMATION
fixed length control field 250505b |||||||| |||| 00| 0 eng d
020 ## - INTERNATIONAL STANDARD BOOK NUMBER
International Standard Book Number 9781032388342
037 ## - SOURCE OF ACQUISITION
Terms of availability Textual
040 ## - CATALOGING SOURCE
Original cataloging agency RTL
Transcribing agency RTL
084 ## - COLON CLASSIFICATION NUMBER
Classification number X:1:(S:44) R4
Assigning agency RTL
100 ## - MAIN ENTRY--PERSONAL NAME
Personal name Smith, Andrew
245 ## - TITLE STATEMENT
Title Consumer behaviour and analytics
250 ## - EDITION STATEMENT
Edition statement 2nd ed.
260 ## - PUBLICATION, DISTRIBUTION, ETC.
Place of publication, distribution, etc. London
Name of publisher, distributor, etc. Routledge
Date of publication, distribution, etc. 2024
300 ## - PHYSICAL DESCRIPTION
Extent xiv, 213p. ill.
Other physical details Includes bibliographical references and index
490 ## - SERIES STATEMENT
Series statement Mastering business analytics
521 ## - TARGET AUDIENCE NOTE
Target audience note The second edition of Consumer Behaviour and Analytics provides a consumer behaviour textbook for the new marketing reality. In a world of Big Data, machine learning and artificial intelligence, this key text reviews the issues, research and concepts essential for navigating this new terrain. It demonstrates how we can use data-driven insight and merge this with insight from extant research to inform knowledge-driven decision-making.<br/><br/>
650 ## - SUBJECT ADDED ENTRY--TOPICAL TERM
Topical term or geographic name entry element Consumer behaviour
650 ## - SUBJECT ADDED ENTRY--TOPICAL TERM
Topical term or geographic name entry element Marketing- Data processing
9 (RLIN) 753838
650 ## - SUBJECT ADDED ENTRY--TOPICAL TERM
Topical term or geographic name entry element Consumer choice
9 (RLIN) 753839
942 ## - ADDED ENTRY ELEMENTS (KOHA)
Source of classification or shelving scheme Colon Classification (CC)
Suppress in OPAC No
Koha item type Textbook
Classification part X:1:(S:44) R4
Holdings
Withdrawn status Lost status Source of classification or shelving scheme Damaged status Not for loan Home library Current library Date acquired Total Checkouts Full call number Barcode Date last seen Date last checked out Price effective from Koha item type
    Colon Classification (CC)     Ratan Tata Library Ratan Tata Library 2025-05-05 1 X:1;(S:44) R4 RT1528315 2025-09-23 2025-09-11 2025-05-05 Textbook
    Colon Classification (CC)     Ratan Tata Library Ratan Tata Library 2025-05-05       2025-05-05   2025-05-05 Textbook
Copyright @ Delhi University Library System